[Event "British Rapidplay Championship 2023"]
[Site "Mercure Bradford, Bankfield Hotel"]
[Date "2023.04.16"]
[Round "8.16"]
[White "Bennett, Eric"]
[Black "McKay, Jonathan"]
[Result "0-1"]
[TimeControl "All moves in 15 minutes plus 10 second increment per move from move 1"]
[WhiteElo "1730"]
[BlackElo "1796"]

1. Nf3 {[%clk 00:15:18]} {[%emt 00:00:03]} d5 {[%clk 00:15:12]} {[%emt
00:00:08]} 2. b3 {[%clk 00:15:24]} {[%emt 00:00:04]} c6 {[%clk 00:15:03]}
{[%emt 00:00:20]} 3. Bb2 {[%clk 00:15:32]} Bf5 {[%clk 00:15:06]} {[%emt
00:00:08]} 4. e3 {[%clk 00:15:40]} {[%emt 00:00:02]} Nd7 {[%clk 00:15:00]}
{[%emt 00:00:17]} 5. d3 {[%clk 00:15:45]} {[%emt 00:00:04]} e6 {[%clk
00:14:57]} {[%emt 00:00:12]} 6. Nbd2 {[%clk 00:15:53]} {[%emt 00:00:03]} Ngf6
{[%clk 00:14:56]} {[%emt 00:00:11]} 7. h3 {[%clk 00:15:59]} {[%emt 00:00:03]}
Bd6 {[%clk 00:14:43]} {[%emt 00:00:22]} 8. Nh4 {[%clk 00:16:07]} {[%emt
00:00:04]} Bg6 {[%clk 00:14:51]} {[%emt 00:00:02]} 9. Nxg6 {[%clk 00:16:14]}
{[%emt 00:00:02]} hxg6 {[%clk 00:14:59]} {[%emt 00:00:03]} 10. c4 {[%clk
00:16:22]} {[%emt 00:00:02]} e5 {[%clk 00:14:37]} {[%emt 00:00:32]} 11. Be2
{[%clk 00:16:22]} {[%emt 00:00:10]} Qe7 {[%clk 00:14:40]} {[%emt 00:00:05]} 12.
cxd5 {[%clk 00:16:25]} {[%emt 00:00:09]} cxd5 {[%clk 00:14:09]} {[%emt
00:00:41]} 13. Nf3 {[%clk 00:16:16]} {[%emt 00:00:18]} e4 {[%clk 00:13:28]}
{[%emt 00:00:52]} 14. Nd4 {[%clk 00:16:15]} {[%emt 00:00:11]} Bb4+ {[%clk
00:13:03]} {[%emt 00:00:35]} 15. Kf1 {[%clk 00:16:22]} {[%emt 00:00:02]} a6
{[%clk 00:12:43]} {[%emt 00:00:29]} 16. a3 {[%clk 00:16:30]} {[%emt 00:00:03]}
Bd6 {[%clk 00:12:45]} {[%emt 00:00:07]} 17. b4 {[%clk 00:16:31]} {[%emt
00:00:11]} Rc8 {[%clk 00:12:01]} {[%emt 00:00:52]} 18. Nb3 {[%clk 00:16:29]}
{[%emt 00:00:13]} Ne5 {[%clk 00:11:31]} {[%emt 00:00:40]} 19. Rc1 {[%clk
00:16:30]} {[%emt 00:00:09]} O-O {[%clk 00:11:24]} {[%emt 00:00:17]} 20. d4
{[%clk 00:16:35]} {[%emt 00:00:05]} Nc4 {[%clk 00:10:14]} {[%emt 00:01:20]} 21.
Bxc4 {[%clk 00:16:42]} {[%emt 00:00:03]} Rxc4 {[%clk 00:09:52]} {[%emt
00:00:32]} 22. Rxc4 {[%clk 00:16:50]} {[%emt 00:00:03]} dxc4 {[%clk 00:10:00]}
{[%emt 00:00:01]} 23. Nc5 {[%clk 00:16:58]} {[%emt 00:00:02]} Rc8 {[%clk
00:08:28]} {[%emt 00:01:42]} 24. Qc2 {[%clk 00:17:05]} {[%emt 00:00:04]} b6
{[%clk 00:07:42]} {[%emt 00:00:56]} 25. Na4 {[%clk 00:16:53]} {[%emt 00:00:22]}
Nd5 {[%clk 00:07:31]} {[%emt 00:00:19]} 26. Ke2 {[%clk 00:16:53]} {[%emt
00:00:11]} a5 {[%clk 00:06:45]} {[%emt 00:00:56]} 27. bxa5 {[%clk 00:17:00]}
{[%emt 00:00:03]} b5 {[%clk 00:06:10]} {[%emt 00:00:45]} 28. Nc3 {[%clk
00:16:55]} {[%emt 00:00:17]} Nxc3+ {[%clk 00:06:08]} {[%emt 00:00:12]} 29. Qxc3
{[%clk 00:17:03]} b4 {[%clk 00:06:14]} {[%emt 00:00:03]} 30. axb4 {[%clk
00:17:11]} {[%emt 00:00:03]} Bxb4 {[%clk 00:06:22]} {[%emt 00:00:01]} 31. Qc2
{[%clk 00:17:20]} {[%emt 00:00:02]} c3 {[%clk 00:06:16]} {[%emt 00:00:15]} 32.
Ba1 {[%clk 00:17:28]} {[%emt 00:00:02]} Qe6 {[%clk 00:06:02]} {[%emt 00:00:22]}
33. Rb1 {[%clk 00:17:32]} {[%emt 00:00:09]} Qc4+ {[%clk 00:06:03]} {[%emt
00:00:08]} 34. Ke1 {[%clk 00:17:40]} {[%emt 00:00:02]} Bxa5 {[%clk 00:05:58]}
{[%emt 00:00:26]} 35. f3 {[%clk 00:17:39]} {[%emt 00:00:20]} Qd3 {[%clk
00:05:59]} {[%emt 00:00:08]} 36. Rc1 {[%clk 00:17:09]} {[%emt 00:00:41]} Qxe3+
{[%clk 00:05:53]} {[%emt 00:00:17]} 37. Kf1 {[%clk 00:17:17]} {[%emt 00:00:01]}
exf3 {[%clk 00:05:54]} {[%emt 00:00:09]} 38. g4 {[%clk 00:16:44]} {[%emt
00:00:43]} Qxd4 {[%clk 00:04:54]} {[%emt 00:01:10]} 39. Rd1 {[%clk 00:16:45]}
{[%emt 00:00:10]} Qf4 {[%clk 00:04:46]} {[%emt 00:00:17]} 40. Rd5 {[%clk
00:16:26]} {[%emt 00:00:29]} Qc4+ {[%clk 00:04:43]} {[%emt 00:00:13]} 41. Rd3
{[%clk 00:16:04]} {[%emt 00:00:32]} Rd8 {[%emt 00:00:11]} 0-1

[Event "British Rapidplay Championship 2023"]
[Site "Mercure Bradford, Bankfield Hotel"]
[Date "2023.04.16"]
[Round "8.17"]
[White "Rogers, Bernard A"]
[Black "Day, Paul G"]
[Result "1-0"]
[TimeControl "All moves in 15 minutes plus 10 second increment per move from move 1"]
[WhiteElo "1772"]
[BlackElo "1627"]

1. e4 {[%clk 00:15:17]} {[%emt 00:00:01]} e5 {[%clk 00:14:56]} {[%emt
00:00:24]} 2. Nf3 {[%clk 00:15:24]} {[%emt 00:00:04]} Nf6 {[%clk 00:15:03]}
{[%emt 00:00:03]} 3. Nc3 {[%clk 00:15:32]} {[%emt 00:00:03]} Bc5 {[%clk
00:15:09]} {[%emt 00:00:03]} 4. Bc4 {[%clk 00:15:34]} {[%emt 00:00:08]} d6
{[%clk 00:15:13]} {[%emt 00:00:06]} 5. h3 {[%clk 00:15:41]} {[%emt 00:00:02]}
Nc6 {[%clk 00:15:08]} {[%emt 00:00:16]} 6. O-O {[%clk 00:15:48]} {[%emt
00:00:03]} Nd4 {[%clk 00:14:56]} {[%emt 00:00:22]} 7. d3 {[%clk 00:15:42]}
{[%emt 00:00:16]} a5 {[%clk 00:14:48]} {[%emt 00:00:18]} 8. Bg5 {[%clk
00:15:43]} {[%emt 00:00:09]} h6 {[%clk 00:14:54]} {[%emt 00:00:04]} 9. Bh4
{[%clk 00:15:51]} {[%emt 00:00:02]} Be6 {[%clk 00:14:35]} {[%emt 00:00:29]} 10.
Nd5 {[%clk 00:14:36]} {[%emt 00:01:24]} c6 {[%clk 00:14:27]} {[%emt 00:00:18]}
11. Nxf6+ {[%clk 00:14:28]} {[%emt 00:00:19]} gxf6 {[%clk 00:14:34]} {[%emt
00:00:02]} 12. c3 {[%clk 00:14:20]} {[%emt 00:00:18]} Bxc4 {[%clk 00:14:33]}
{[%emt 00:00:11]} 13. dxc4 {[%clk 00:14:28]} {[%emt 00:00:04]} Ne6 {[%clk
00:14:39]} {[%emt 00:00:03]} 14. a3 {[%clk 00:14:13]} {[%emt 00:00:25]} Nf4
{[%clk 00:14:34]} {[%emt 00:00:15]} 15. b4 {[%clk 00:14:01]} {[%emt 00:00:22]}
axb4 {[%clk 00:14:38]} {[%emt 00:00:06]} 16. cxb4 {[%clk 00:14:05]} {[%emt
00:00:06]} Bb6 {[%clk 00:14:28]} {[%emt 00:00:20]} 17. Qd2 {[%clk 00:13:32]}
{[%emt 00:00:43]} Rg8 {[%clk 00:14:27]} {[%emt 00:00:11]} 18. Bg3 {[%clk
00:13:39]} {[%emt 00:00:03]} Qd7 {[%clk 00:14:25]} {[%emt 00:00:11]} 19. Kh2
{[%clk 00:12:52]} {[%emt 00:00:57]} Qe6 {[%clk 00:13:33]} {[%emt 00:01:03]} 20.
Bxf4 {[%clk 00:12:11]} {[%emt 00:00:51]} exf4 {[%clk 00:13:39]} {[%emt
00:00:05]} 21. Qxf4 {[%clk 00:12:11]} {[%emt 00:00:10]} O-O-O {[%clk 00:13:18]}
{[%emt 00:00:31]} 22. Qf5 {[%clk 00:09:20]} {[%emt 00:03:01]} Kb8 {[%clk
00:11:41]} {[%emt 00:01:47]} 23. Rac1 {[%clk 00:09:20]} {[%emt 00:00:09]} Bc7
{[%clk 00:11:40]} {[%emt 00:00:11]} 24. g3 {[%clk 00:08:56]} {[%emt 00:00:35]}
Qe7 {[%clk 00:11:34]} {[%emt 00:00:15]} 25. b5 {[%clk 00:07:02]} {[%emt
00:02:05]} c5 {[%clk 00:11:35]} {[%emt 00:00:08]} 26. Rfe1 {[%clk 00:06:31]}
{[%emt 00:00:41]} Ba5 {[%clk 00:11:21]} {[%emt 00:00:24]} 27. Re2 {[%clk
00:06:24]} {[%emt 00:00:18]} Rg6 {[%clk 00:11:09]} {[%emt 00:00:22]} 28. Qd5
{[%clk 00:06:12]} {[%emt 00:00:22]} Qd7 {[%clk 00:10:31]} {[%emt 00:00:48]} 29.
Nh4 {[%clk 00:06:02]} {[%emt 00:00:20]} Rg5 {[%clk 00:10:34]} {[%emt 00:00:07]}
30. Nf5 {[%clk 00:06:08]} {[%emt 00:00:03]} Rdg8 {[%clk 00:09:03]} {[%emt
00:01:41]} 31. Qxd6+ {[%clk 00:05:35]} {[%emt 00:00:43]} 1-0

[Event "British Rapidplay Championship 2023"]
[Site "Mercure Bradford, Bankfield Hotel"]
[Date "2023.04.16"]
[Round "8.18"]
[White "Lukhi, Neev"]
[Black "Baxter, Martin"]
[Result "1-0"]
[TimeControl "All moves in 15 minutes plus 10 second increment per move from move 1"]
[WhiteElo "1544"]
[BlackElo "1766"]

1. d4 {[%clk 00:15:19]} {[%emt 00:00:01]} Nf6 {[%clk 00:15:12]} {[%emt
00:00:09]} 2. Bf4 {[%clk 00:15:27]} {[%emt 00:00:01]} g6 {[%clk 00:15:19]}
{[%emt 00:00:04]} 3. Nc3 {[%clk 00:15:36]} d5 {[%clk 00:15:20]} {[%emt
00:00:10]} 4. Nf3 {[%clk 00:15:38]} {[%emt 00:00:08]} Bg7 {[%clk 00:15:26]}
{[%emt 00:00:03]} 5. e3 {[%clk 00:15:43]} {[%emt 00:00:06]} O-O {[%clk
00:15:31]} {[%emt 00:00:06]} 6. h3 {[%clk 00:15:50]} {[%emt 00:00:03]} c5
{[%clk 00:15:33]} {[%emt 00:00:08]} 7. Be2 {[%clk 00:15:46]} {[%emt 00:00:13]}
cxd4 {[%clk 00:15:39]} {[%emt 00:00:04]} 8. exd4 {[%clk 00:15:54]} {[%emt
00:00:02]} Nc6 {[%clk 00:15:45]} {[%emt 00:00:04]} 9. O-O {[%clk 00:15:43]}
{[%emt 00:00:20]} a6 {[%clk 00:15:13]} {[%emt 00:00:43]} 10. Ne5 {[%clk
00:14:36]} {[%emt 00:01:17]} Qb6 {[%clk 00:14:41]} {[%emt 00:00:42]} 11. Nxc6
{[%clk 00:13:52]} {[%emt 00:00:54]} bxc6 {[%clk 00:14:16]} {[%emt 00:00:35]} 12.
Na4 {[%clk 00:13:50]} {[%emt 00:00:12]} Qa5 {[%clk 00:12:54]} {[%emt 00:01:32]}
13. Nc5 {[%clk 00:13:13]} {[%emt 00:00:46]} Nd7 {[%clk 00:12:02]} {[%emt
00:01:03]} 14. Nxd7 {[%clk 00:13:09]} {[%emt 00:00:14]} Bxd7 {[%clk 00:12:09]}
{[%emt 00:00:02]} 15. c3 {[%clk 00:12:48]} {[%emt 00:00:31]} Rac8 {[%clk
00:11:47]} {[%emt 00:00:32]} 16. Re1 {[%clk 00:12:23]} {[%emt 00:00:34]} Rfe8
{[%clk 00:10:47]} {[%emt 00:01:10]} 17. Bd3 {[%clk 00:11:13]} {[%emt 00:01:20]}
c5 {[%clk 00:10:20]} {[%emt 00:00:38]} 18. dxc5 {[%clk 00:11:04]} {[%emt
00:00:19]} Rxc5 {[%clk 00:10:24]} {[%emt 00:00:06]} 19. b4 {[%clk 00:11:00]}
{[%emt 00:00:14]} Qb6 {[%clk 00:09:25]} {[%emt 00:01:09]} 20. bxc5 {[%clk
00:11:08]} {[%emt 00:00:02]} Qxc5 {[%clk 00:09:33]} {[%emt 00:00:02]} 21. Be5
{[%clk 00:10:25]} {[%emt 00:00:52]} f6 {[%clk 00:09:42]} {[%emt 00:00:02]} 22.
Bd4 {[%clk 00:10:24]} {[%emt 00:00:11]} Qc6 {[%clk 00:09:39]} {[%emt 00:00:12]}
23. Qb3 {[%clk 00:07:44]} {[%emt 00:02:47]} e5 {[%clk 00:09:15]} {[%emt
00:00:38]} 24. Be3 {[%clk 00:06:59]} {[%emt 00:00:55]} Be6 {[%clk 00:09:13]}
{[%emt 00:00:12]} 25. Qb6 {[%clk 00:05:34]} {[%emt 00:01:35]} Qxc3 {[%clk
00:08:56]} {[%emt 00:00:27]} 26. Bxa6 {[%clk 00:05:38]} {[%emt 00:00:08]} d4
{[%clk 00:08:35]} {[%emt 00:00:28]} 27. Rac1 {[%clk 00:05:32]} {[%emt
00:00:16]} Qa3 {[%clk 00:08:09]} {[%emt 00:00:36]} 28. Bb5 {[%clk 00:03:55]}
{[%emt 00:01:48]} Re7 {[%clk 00:06:28]} {[%emt 00:01:51]} 29. Rc7 {[%clk
00:01:02]} {[%emt 00:03:01]} dxe3 {[%clk 00:06:19]} {[%emt 00:00:20]} 30. Rxe7
{[%clk 00:00:57]} {[%emt 00:00:16]} exf2+ {[%clk 00:06:18]} {[%emt 00:00:11]}
31. Qxf2 {[%clk 00:00:50]} {[%emt 00:00:17]} Qxe7 {[%clk 00:06:23]} {[%emt
00:00:04]} 32. a4 {[%clk 00:00:55]} {[%emt 00:00:06]} f5 {[%clk 00:05:58]}
{[%emt 00:00:34]} 33. Qb6 {[%clk 00:00:34]} {[%emt 00:00:31]} e4 {[%clk
00:05:56]} {[%emt 00:00:12]} 34. Rc1 {[%clk 00:00:22]} {[%emt 00:00:22]} h5
{[%clk 00:03:58]} {[%emt 00:02:09]} 35. a5 {[%clk 00:00:22]} {[%emt 00:00:10]}
Kh7 {[%clk 00:02:55]} {[%emt 00:01:12]} 36. a6 {[%clk 00:00:28]} {[%emt
00:00:06]} Bd5 {[%clk 00:02:49]} {[%emt 00:00:15]} 37. a7 {[%clk 00:00:32]}
{[%emt 00:00:07]} Qb4 {[%clk 00:02:48]} {[%emt 00:00:10]} 38. Kh1 {[%clk
00:00:26]} {[%emt 00:00:16]} Qd2 {[%clk 00:02:30]} {[%emt 00:00:28]} 39. Rg1
{[%clk 00:00:18]} {[%emt 00:00:18]} e3 {[%clk 00:02:26]} {[%emt 00:00:14]} 40.
Bc6 {[%clk 00:00:22]} {[%emt 00:00:07]} Bxc6 {[%clk 00:01:34]} {[%emt
00:01:02]} 41. Qxc6 {[%clk 00:00:25]} {[%emt 00:00:06]} e2 {[%clk 00:01:05]}
{[%emt 00:00:38]} 42. a8=Q {[%clk 00:00:25]} {[%emt 00:00:11]} e1=Q {[%clk
00:01:08]} {[%emt 00:00:07]} 43. Qc7 {[%clk 00:00:12]} {[%emt 00:00:22]} Qxg1+
{[%clk 00:00:00]} {[%emt 00:01:08]} 44. Kxg1 {[%clk 00:15:10]} {[%emt
00:00:01]} 1-0

[Event "British Rapidplay Championship 2023"]
[Site "Mercure Bradford, Bankfield Hotel"]
[Date "2023.04.16"]
[Round "8.19"]
[White "Barton, Ben"]
[Black "Sisupalan, Beni"]
[Result "0-1"]
[TimeControl "All moves in 15 minutes plus 10 second increment per move from move 1"]
[WhiteElo "1577"]
[BlackElo "1497"]

1. e4 {[%clk 00:15:19]} {[%emt 00:00:03]} e5 {[%clk 00:15:19]} 2. d4 {[%clk
00:15:28]} exd4 {[%clk 00:15:28]} {[%emt 00:00:02]} 3. c3 {[%clk 00:15:37]}
dxc3 {[%clk 00:15:37]} {[%emt 00:00:01]} 4. Bc4 {[%clk 00:15:45]} cxb2 {[%clk
00:15:45]} {[%emt 00:00:03]} 5. Bxb2 {[%emt 00:00:03]} d5 {[%clk 00:15:53]} 6.
Bxd5 {[%clk 00:16:01]} {[%emt 00:00:02]} Nf6 {[%clk 00:15:55]} {[%emt
00:00:08]} 7. Bxf7+ {[%clk 00:16:04]} {[%emt 00:00:08]} Kxf7 {[%clk 00:16:02]}
{[%emt 00:00:03]} 8. Qxd8 {[%clk 00:16:12]} {[%emt 00:00:01]} Bb4+ {[%clk
00:16:10]} {[%emt 00:00:02]} 9. Qd2 {[%clk 00:16:20]} {[%emt 00:00:01]} Bxd2+
{[%clk 00:16:18]} {[%emt 00:00:02]} 10. Nxd2 {[%clk 00:16:28]} {[%emt
00:00:03]} Re8 {[%clk 00:15:58]} {[%emt 00:00:30]} 11. Ngf3 {[%clk 00:16:36]}
{[%emt 00:00:01]} Kg8 {[%clk 00:15:48]} {[%emt 00:00:20]} 12. O-O {[%clk
00:16:01]} {[%emt 00:00:46]} Nc6 {[%clk 00:15:05]} {[%emt 00:00:52]} 13. Rfe1
{[%clk 00:15:43]} {[%emt 00:00:28]} Bg4 {[%clk 00:14:54]} {[%emt 00:00:22]} 14.
h3 {[%clk 00:15:51]} {[%emt 00:00:01]} Bxf3 {[%clk 00:14:50]} {[%emt 00:00:14]}
15. Bxf6 {[%clk 00:15:55]} {[%emt 00:00:06]} Bxg2 {[%clk 00:14:07]} {[%emt
00:00:53]} 16. Bxg7 {[%clk 00:15:55]} {[%emt 00:00:10]} Bxe4 {[%clk 00:12:56]}
{[%emt 00:01:22]} 17. Rxe4 {[%clk 00:15:42]} {[%emt 00:00:23]} Rxe4 {[%clk
00:12:55]} {[%emt 00:00:11]} 18. Nxe4 {[%clk 00:15:40]} {[%emt 00:00:12]} Kxg7
{[%clk 00:12:59]} {[%emt 00:00:05]} 19. Rb1 {[%clk 00:15:48]} {[%emt 00:00:02]}
Na5 {[%clk 00:11:10]} {[%emt 00:01:59]} 20. Nc5 {[%clk 00:15:41]} {[%emt
00:00:17]} Re8 {[%clk 00:09:55]} {[%emt 00:01:25]} 21. Rb5 {[%clk 00:15:09]}
{[%emt 00:00:43]} b6 {[%clk 00:09:53]} {[%emt 00:00:12]} 22. Na6 {[%clk
00:15:06]} {[%emt 00:00:13]} c5 {[%clk 00:09:17]} {[%emt 00:00:45]} 23. Nc7
{[%clk 00:15:03]} {[%emt 00:00:12]} Re2 {[%clk 00:08:26]} {[%emt 00:01:02]} 24.
a3 {[%clk 00:14:31]} {[%emt 00:00:42]} Kf7 {[%clk 00:07:07]} {[%emt 00:01:29]}
25. Na6 {[%clk 00:13:51]} {[%emt 00:00:51]} Ke6 {[%clk 00:05:47]} {[%emt
00:01:29]} 26. Nxc5+ {[%clk 00:13:59]} {[%emt 00:00:03]} Kd6 {[%clk 00:05:02]}
{[%emt 00:00:56]} 27. Nd3 {[%clk 00:13:38]} {[%emt 00:00:30]} Ra2 {[%clk
00:04:12]} {[%emt 00:00:59]} 28. Rh5 {[%clk 00:12:45]} {[%emt 00:01:03]} Rxa3
{[%clk 00:03:58]} {[%emt 00:00:25]} 29. Nb4 {[%clk 00:12:16]} {[%emt 00:00:24]}
Rb3 {[%clk 00:03:50]} {[%emt 00:00:34]} 30. Nc2 {[%clk 00:12:17]} {[%emt
00:00:08]} Rc3 {[%clk 00:03:34]} {[%emt 00:00:26]} 31. Ne3 {[%clk 00:12:08]}
{[%emt 00:00:18]} Rc7 {[%clk 00:03:29]} {[%emt 00:00:16]} 32. Rh6+ {[%clk
00:12:17]} {[%emt 00:00:02]} Kc5 {[%clk 00:03:32]} {[%emt 00:00:07]} 33. Rh5+
{[%clk 00:12:24]} {[%emt 00:00:02]} Kd4 {[%clk 00:03:11]} {[%emt 00:00:30]} 34.
Rd5+ {[%clk 00:12:33]} {[%emt 00:00:03]} Kc3 {[%clk 00:03:09]} {[%emt
00:00:12]} 35. Rxa5 {[%clk 00:12:41]} {[%emt 00:00:02]} bxa5 {[%clk 00:03:14]}
36. Kf1 {[%clk 00:12:35]} {[%emt 00:00:20]} Rg7 {[%clk 00:03:21]} {[%emt
00:00:03]} 37. Nf5 {[%clk 00:12:40]} {[%emt 00:00:05]} Rd7 {[%clk 00:03:26]}
{[%emt 00:00:05]} 38. Ke2 {[%clk 00:12:42]} {[%emt 00:00:08]} a4 {[%clk
00:03:34]} {[%emt 00:00:03]} 39. Ne3 {[%clk 00:12:51]} a3 {[%clk 00:03:38]}
{[%emt 00:00:06]} 40. f4 {[%clk 00:12:53]} {[%emt 00:00:08]} a2 {[%clk
00:03:46]} {[%emt 00:00:03]} 41. Kf3 {[%clk 00:13:02]} {[%emt 00:00:02]} a1=Q
{[%emt 00:00:04]} 42. Kg4 {[%clk 00:13:10]} {[%emt 00:00:01]} Qg1+ {[%clk
00:03:59]} {[%emt 00:00:03]} 43. Kh4 {[%clk 00:13:19]} {[%emt 00:00:02]} Qxe3
{[%clk 00:04:03]} {[%emt 00:00:06]} 44. f5 {[%clk 00:13:28]} {[%emt 00:00:01]}
Rg7 {[%clk 00:03:56]} {[%emt 00:00:17]} 45. f6 {[%clk 00:13:33]} {[%emt
00:00:04]} Qg5+ {[%clk 00:04:04]} {[%emt 00:00:01]} 0-1

[Event "British Rapidplay Championship 2023"]
[Site "Mercure Bradford, Bankfield Hotel"]
[Date "2023.04.16"]
[Round "8.20"]
[White "Cradock, Samir"]
[Black "Holliday, John K"]
[Result "1-0"]
[TimeControl "All moves in 15 minutes plus 10 second increment per move from move 1"]
[WhiteElo "1530"]
[BlackElo "1832"]

1. e4 {[%clk 00:15:18]} {[%emt 00:00:03]} d5 {[%clk 00:15:19]} 2. exd5 {[%clk
00:15:20]} {[%emt 00:00:08]} Nf6 {[%clk 00:15:27]} {[%emt 00:00:02]} 3. Nf3
{[%clk 00:15:22]} {[%emt 00:00:07]} Nxd5 {[%clk 00:15:35]} {[%emt 00:00:05]} 4.
c4 {[%clk 00:15:07]} {[%emt 00:00:23]} Nf6 {[%clk 00:15:41]} {[%emt 00:00:04]}
5. Nc3 {[%clk 00:15:03]} {[%emt 00:00:14]} Nc6 {[%clk 00:15:33]} {[%emt
00:00:19]} 6. h3 {[%clk 00:15:06]} {[%emt 00:00:05]} Bf5 {[%clk 00:15:27]}
{[%emt 00:00:16]} 7. d4 {[%clk 00:14:58]} {[%emt 00:00:18]} e6 {[%clk
00:15:36]} {[%emt 00:00:02]} 8. a3 {[%clk 00:15:00]} {[%emt 00:00:08]} Be7
{[%clk 00:15:04]} {[%emt 00:00:41]} 9. Be2 {[%clk 00:15:07]} {[%emt 00:00:03]}
O-O {[%clk 00:15:11]} {[%emt 00:00:03]} 10. Be3 {[%clk 00:14:55]} {[%emt
00:00:21]} Ne4 {[%clk 00:14:51]} {[%emt 00:00:31]} 11. O-O {[%clk 00:14:32]}
{[%emt 00:00:34]} a6 {[%clk 00:14:43]} {[%emt 00:00:18]} 12. d5 {[%clk
00:13:12]} {[%emt 00:01:30]} Nxc3 {[%clk 00:14:22]} {[%emt 00:00:30]} 13. bxc3
{[%clk 00:13:15]} {[%emt 00:00:07]} exd5 {[%clk 00:13:48]} {[%emt 00:00:44]} 14.
cxd5 {[%clk 00:13:11]} {[%emt 00:00:14]} Na5 {[%clk 00:13:36]} {[%emt
00:00:22]} 15. c4 {[%clk 00:13:03]} {[%emt 00:00:18]} Bf6 {[%clk 00:13:15]}
{[%emt 00:00:32]} 16. Bd4 {[%clk 00:12:17]} {[%emt 00:00:56]} b6 {[%clk
00:13:12]} {[%emt 00:00:13]} 17. Bd3 {[%clk 00:11:31]} {[%emt 00:00:55]} Bxd4
{[%clk 00:12:13]} {[%emt 00:01:09]} 18. Nxd4 {[%clk 00:11:39]} {[%emt
00:00:03]} Bxd3 {[%clk 00:11:48]} {[%emt 00:00:34]} 19. Qxd3 {[%clk 00:11:48]}
{[%emt 00:00:02]} c6 {[%clk 00:11:38]} {[%emt 00:00:20]} 20. Nf3 {[%clk
00:11:35]} {[%emt 00:00:23]} b5 {[%clk 00:11:14]} {[%emt 00:00:34]} 21. cxb5
{[%clk 00:10:23]} {[%emt 00:01:22]} axb5 {[%clk 00:11:21]} {[%emt 00:00:02]} 22.
d6 {[%clk 00:08:30]} {[%emt 00:02:04]} Nc4 {[%clk 00:11:20]} {[%emt 00:00:11]}
23. d7 {[%clk 00:08:06]} {[%emt 00:00:34]} Ra7 {[%clk 00:11:25]} {[%emt
00:00:05]} 24. Rfd1 {[%clk 00:06:36]} {[%emt 00:01:40]} Nb2 {[%clk 00:11:28]}
{[%emt 00:00:07]} 25. Qd4 {[%clk 00:06:44]} {[%emt 00:00:02]} Nxd1 {[%clk
00:10:05]} {[%emt 00:01:32]} 26. Qxa7 {[%clk 00:06:43]} {[%emt 00:00:12]} Nc3
{[%clk 00:10:02]} {[%emt 00:00:12]} 27. Ne5 {[%clk 00:06:19]} {[%emt 00:00:34]}
Qf6 {[%clk 00:08:47]} {[%emt 00:01:25]} 28. Re1 {[%clk 00:05:01]} {[%emt
00:01:28]} Nd5 {[%clk 00:07:31]} {[%emt 00:01:27]} 29. Qb7 {[%clk 00:04:36]}
{[%emt 00:00:35]} Ne7 {[%clk 00:07:19]} {[%emt 00:00:22]} 30. Qc7 {[%clk
00:04:19]} {[%emt 00:00:26]} Ng6 {[%clk 00:04:58]} {[%emt 00:02:32]} 31. Nxc6
{[%clk 00:04:10]} {[%emt 00:00:19]} 1-0

[Event "British Rapidplay Championship 2023"]
[Site "Mercure Bradford, Bankfield Hotel"]
[Date "2023.04.16"]
[Round "8.21"]
[White "Holi, Siefaldin A"]
[Black "Manavalan, Keerthi Kumar"]
[Result "1-0"]
[TimeControl "All moves in 15 minutes plus 10 second increment per move from move 1"]
[WhiteElo "1644"]
[BlackElo "1419"]

1. d4 {[%clk 00:14:13]} {[%emt 00:01:07]} Nf6 {[%clk 00:15:16]} {[%emt
00:00:02]} 2. Nc3 {[%clk 00:14:20]} {[%emt 00:00:03]} g6 {[%clk 00:15:24]}
{[%emt 00:00:03]} 3. e4 {[%clk 00:14:29]} {[%emt 00:00:01]} d6 {[%clk
00:15:26]} {[%emt 00:00:08]} 4. Bd3 {[%clk 00:14:16]} {[%emt 00:00:23]} Bg7
{[%clk 00:15:26]} {[%emt 00:00:10]} 5. Be3 {[%clk 00:14:22]} {[%emt 00:00:03]}
c6 {[%clk 00:14:54]} {[%emt 00:00:43]} 6. h3 {[%clk 00:14:28]} {[%emt
00:00:04]} O-O {[%clk 00:14:34]} {[%emt 00:00:31]} 7. Nf3 {[%clk 00:14:16]}
{[%emt 00:00:21]} Nbd7 {[%clk 00:14:14]} {[%emt 00:00:30]} 8. Qd2 {[%clk
00:14:22]} {[%emt 00:00:04]} b5 {[%clk 00:14:19]} {[%emt 00:00:05]} 9. Bh6
{[%clk 00:13:37]} {[%emt 00:00:55]} b4 {[%clk 00:13:54]} {[%emt 00:00:35]} 10.
Ne2 {[%clk 00:13:37]} {[%emt 00:00:08]} a5 {[%clk 00:14:00]} {[%emt 00:00:05]}
11. Bxg7 {[%emt 00:00:05]} Kxg7 {[%emt 00:00:03]} 12. h4 {[%clk 00:13:27]}
{[%emt 00:00:12]} c5 {[%clk 00:13:25]} {[%emt 00:00:46]} 13. h5 {[%clk
00:13:29]} {[%emt 00:00:08]} Rh8 {[%clk 00:11:27]} {[%emt 00:02:08]} 14. e5
{[%clk 00:13:07]} {[%emt 00:00:31]} dxe5 {[%clk 00:10:42]} {[%emt 00:00:56]} 15.
dxe5 {[%clk 00:13:16]} {[%emt 00:00:01]} Ng4 {[%clk 00:09:02]} {[%emt
00:01:50]} 16. Qf4 {[%clk 00:12:41]} {[%emt 00:00:44]} Nh6 {[%clk 00:08:11]}
{[%emt 00:01:02]} 17. hxg6 {[%clk 00:12:36]} {[%emt 00:00:15]} hxg6 {[%clk
00:07:32]} {[%emt 00:00:49]} 18. Ng5 {[%clk 00:12:19]} {[%emt 00:00:26]} Nxe5
{[%clk 00:06:35]} {[%emt 00:01:07]} 19. Qxe5+ {[%clk 00:11:56]} {[%emt
00:00:33]} f6 {[%clk 00:06:43]} {[%emt 00:00:03]} 20. Qe4 {[%clk 00:11:59]}
{[%emt 00:00:04]} fxg5 {[%clk 00:06:45]} {[%emt 00:00:10]} 21. Qxg6+ {[%clk
00:11:09]} {[%emt 00:01:00]} Kf8 {[%clk 00:06:44]} {[%emt 00:00:11]} 22. Rxh6
{[%clk 00:11:15]} {[%emt 00:00:05]} Rxh6 {[%clk 00:06:29]} {[%emt 00:00:24]} 23.
Qxh6+ {[%clk 00:11:23]} {[%emt 00:00:02]} Ke8 {[%clk 00:06:32]} {[%emt
00:00:08]} 24. Bg6+ {[%clk 00:11:30]} {[%emt 00:00:02]} Kd7 {[%clk 00:06:40]}
{[%emt 00:00:03]} 25. O-O-O+ {[%clk 00:11:36]} {[%emt 00:00:03]} 1-0